书目信息 |
| 题名: |
地形测量高差表
|
|
| 作者: | ;陕西省地质局测绘队 编算 | |
| 分册: | ||
| 出版信息: | 北京 地质出版社 1972 |
|
| 页数: | 98页 | |
| 开本: | 9cm | |
| 丛书名: | ||
| 单 册: | ||
| 中图分类: | P217 | |
| 科图分类: | ||
| 主题词: | 测绘用表 , 普通测量学 , 地形测量学 | |
| 电子资源: | ||
| ISBN: | ||
| 000 | 00770nam0 2200265 45 | |
| 001 | 0175002931 | |
| 005 | 20040520153620.6 | |
| 010 | @dCNY0.60 | |
| 091 | @a15038.新1 | |
| 100 | @a19951019d1972 em y0chiy0121 ea | |
| 101 | 0 | @achi |
| 102 | @aCN@b110000 | |
| 105 | @ay o 000yy | |
| 106 | @ar | |
| 200 | 10 | @a地形测量高差表@Adi xing ce liang gao cha biao@f陕西省地质局测绘队编@FShan Xi Sheng Di Zhi Ju Ce Hui Dui Bian |
| 210 | @a北京@c地质出版社@d1972 | |
| 215 | @a98页@d9cm | |
| 606 | @a测绘用表 | |
| 606 | 0 | @a普通测量学 |
| 606 | 0 | @a地形测量学 |
| 690 | @aP217 | |
| 711 | 02 | @a陕西省地质局测绘队@AShan Xi Sheng Di Zhi Ju Ce Hui Dui@4编算 |
| 801 | 0 | @aCN@b广东省中山图书馆@c20040520 |
| 801 | 2 | @aCN@bNLC@c20040520 |
| 905 | @f1@b8378@dP217@e6@b8381-382@f2 | |
| 地形测量高差表/陕西省地质局测绘队编.-北京:地质出版社,1972 |
| 98页;9cm |
| ISBN :CNY0.60 |
| ● |
| 相关链接 |
|
|
|
|
正题名:地形测量高差表
索取号:P217/6
 
预约/预借
| 序号 | 登录号 | 条形码 | 馆藏地/架位号 | 状态 | 备注 |
| 1 | 0008378 | 000072183 | 第三借阅区/ [索取号:P217/6] | 在馆 | |
| 2 | 0008381 | 000072156 | 第三借阅区/ [索取号:P217/6] | 在馆 | |
| 3 | 0008382 | 000072174 | 第三借阅区/ [索取号:P217/6] | 在馆 | |
| 4 | 0008383 | 000072165 | 第二样本阅览室/ [索取号:P217/6] | 在馆 |